• 首页
  • 本馆介绍
  • 公告通知
  • 最新文献
  • 馆藏检索
  • 电子资源
  • 读者导购
  • 参考咨询
  • 我的图书馆
  • 登录
  • 详细信息显示
  • 放入我的书架
  • 预约/预借图书
  • 作者相关作品
  • 分类相关作品
  • 丛书相关作品
  • 出版社相关作品

书目信息

  • 表格格式
  • 工作单格式
  • 卡片格式
题名:
图解鬼谷子
    
 
作者: 鬼谷子 著 ;任思源 主编
分册:  
出版信息: 北京   北京联合出版公司  2016
页数: 10,419页
开本: 25cm
丛书名:
单 册:
中图分类: B228.02
科图分类:
主题词: 纵横家--zong heng jia
电子资源:
ISBN: 978-7-5502-8212-4
000 00886nam0 22002651 450
001 0127144056
005 20170427144056.0
010    @a978-7-5502-8212-4@dCNY39.80
100    @a20161008d2016 em y0chiy50 ea
101 0  @achi
102    @aCN@b110000
105    @aa z 000yy
106    @ar
200 1  @a图解鬼谷子@Atu jie gui gu zi@f(战国)鬼谷子著@g任思源主编
210    @a北京@c北京联合出版公司@d2016
215    @a10,419页@d25cm
300    @a全彩图解典藏版 中国谋略学传世奇书
330    @a本书在重现这部经典的同时,以现代视角对其进行全新解读,对读者为人处世、遨游职场、搏击商海、闯荡社会具有很高的实用价值。
605    @a《鬼谷子》@Agui gu zi@j通俗读物
606 0  @a纵横家@Azong heng jia
690    @aB228.02@v5
701  0 @c(战国)@a鬼谷子@Agui gu zi@4著
702  0 @a任思源@Aren si yuan@4主编
801  0 @aCN@bTANGWEI@c20170308
905    @b0966582-4@dB228.02@e565@f3
    
    图解鬼谷子/(战国)鬼谷子著/任思源主编.-北京:北京联合出版公司,2016
    10,419页;25cm
    全彩图解典藏版 中国谋略学传世奇书
    
    ISBN 978-7-5502-8212-4:CNY39.80
    本书在重现这部经典的同时,以现代视角对其进行全新解读,对读者为人处世、遨游职场、搏击商海、闯荡社会具有很高的实用价值。
●
相关链接 在E读中查询图书 在五车中查询图书 在当当中查询图书 在豆瓣中查询图书


正题名:图解鬼谷子     索取号:B228.02/565         预约/预借

序号 登录号 条形码 馆藏地/架位号 状态 备注
1 0966582   209665824   第一样本阅览室/ [索取号:B228.02/565] 在馆    
2 0966583   209665833   第一借阅区/ [索取号:B228.02/565] 在馆    
3 0966584   209665842   第一借阅区/ [索取号:B228.02/565] 在馆    
唐山师范学院图书馆 欢迎您!
大连网信软件有限公司© 版权所有